000 00548nam a22001817a 4500
003 CEME
005 20210628202441.0
008 210122b xxu||||| |||| 00| 0 eng d
020 _a0-470-86156-8
040 _c.
082 _a624.176 DOY
100 _aDoyle, James .F
_959954
245 _aModern experimental stress analysis completing the solution of partially specified problems
260 _aNEW YORK
_bJOHN WILEY
_c2004
300 _aXI,424 P
650 _aSTRUCTUAL ANALYSIS -ENGINEERING, STRAINS AND STRESSES
_959955
942 _cBK
_2ddc
999 _c569811
_d569811